Noem alle luchtvaartmaatschappijen van de wereld 2023 - Statistieken

Algemene statistieken
  • Deze quiz is 16 keer genomen
  • De gemiddelde score is 5 van 110
Antwoordstatistieken
Antwoord % Correct
Air France
64%
Ryanair
43%
Brussels Airlines
36%
Emirates
36%
American Airlines
29%
Delta Air Lines
29%
British Airways
21%
Transavia
21%
Air Berlin
14%
Air Canada
14%
Alitalia
14%
Eurowings
14%
Finnair
14%
Qatar Airways
14%
Vueling
14%
Wizz Air
14%
Aer Lingus
7%
Air Baltic
7%
Air Malta
7%
Air Serbia
7%
Austrian Airlines
7%
China Airlines
7%
Egyptair
7%
Etihad Airways
7%
Garuda Indonesia
7%
KLM Royal Dutch Airlines
7%
Singapore Airlines
7%
Turkish Airlines
7%
United Airlines
7%
Aegean Airlines
0%
Aeroflot Russian Airlines
0%
Aeromexico
0%
Air Arabia Maroc
0%
Air Astana
0%
Air China Cargo
0%
Air Europa
0%
Air Moldova
0%
Air Transat
0%
AIS Airlines
0%
Arkia Israel Airlines
0%
Atlantic Airways
0%
Balkan Holiday Airlines
0%
Belavia
0%
Blue Air
0%
Bulgaria Air
0%
Cathay Pacific Airways
0%
China Eastern Airlines
0%
China Southern Airlines
0%
Condor Flugdienst
0%
Corendon Airlines
0%
Corendon Dutch Airlines
0%
Croatia Airlines
0%
Cyprus Airways
0%
Czech Airlines
0%
EasyJet
0%
EasyJet Switzerland
0%
Edelweis Air
0%
El Al Israel Airlines
0%
Estonian Air
0%
EVA Air
0%
Georgian Airways
0%
​​Germanwings
0%
Iberia Express
0%
Iberia Líneas Aéreas de España
0%
Icelandair
0%
Iran Air
0%
Israir
0%
ITA Italia Trasporto Aereo
0%
Jet2.com
0%
Kenya Airways
0%
KLM Cityhopper
0%
Korean Air
0%
Kuwait Airways
0%
LOT Polish Airlines
0%
Lufthansa CityLine
0%
Lufthansa German Airlines
0%
Malev
0%
Middle East Airlines
0%
Norwegian Air International
0%
Norwegian Air Shuttle
0%
Olympic Air
0%
Onur Air
0%
Pegasus Airlines
0%
Play
0%
Qantas Airways
0%
Royal Air Maroc
0%
Royal Jordanian Airlines
0%
S7
0%
SATA Air Açores
0%
SATA Internacional
0%
Saudia Arabian Airlines
0%
Scandinavian Airlines System
0%
SKY express
0%
Sunexpress
0%
Surinam Airways
0%
Swiss International Air Lines
0%
TAP Air Portugal
0%
Tarom
0%
Transavia France
0%
TUI Fly
0%
Tunis Air
0%
Ukraine Int. Airlines
0%
UR Airlines
0%
Ural Airlines
0%
Utair
0%
Virgin Atlantic Airways
0%
WestJet
0%
Widerøe
0%
WOW air
0%
Xiamen Airlines
0%
Geen overeenkomende quizzen gevonden
Scoreverdeling
Procent van Mensen met Elke Score
Percentiel versus Aantal Correcte Antwoorden
Uw Scoregeschiedenis
U heeft deze quiz nog niet genomen